NINGAL (Record no. 8670)
[ view plain ]
| 000 -LEADER | |
|---|---|
| fixed length control field | 02171nam a22001457a 4500 |
| 082 ## - DEWEY DECIMAL CLASSIFICATION NUMBER | |
| Classification number | 894.812.3 |
| Item number | MUK/N |
| 100 ## - MAIN ENTRY--AUTHOR NAME | |
| Personal name | MUKUNDAN, M |
| 245 ## - TITLE STATEMENT | |
| Title | NINGAL |
| 246 ## - VARYING FORM OF TITLE | |
| Title proper/short title | NINGAL |
| Remainder of title | NINGAL |
| 260 ## - PUBLICATION, DISTRIBUTION, ETC. (IMPRINT) | |
| Place of publication | KOTTAYAM, KERALA, INDIA |
| Name of publisher | D C BOOKS |
| Year of publication | 2023 |
| 300 ## - PHYSICAL DESCRIPTION | |
| Number of Pages | 295 |
| 520 ## - SUMMARY, ETC. | |
| Summary, etc | നിങ്ങള് എഴുപതുവയസ്സു കഴിഞ്ഞ ഒരാളാണ്. അച്ഛന്റെയും മാഷിന്റെയും അടുത്തുനിന്ന് പൃഷ്ടത്തില് തല്ലുകൊണ്ടുവളര്ന്ന് ബി എ പാസായി സിനിമാകൊട്ടയില് മാനേജരായി ജീവിതം തുടര്ന്നയാള്. നിങ്ങള്ക്ക് ഒരു എഴുത്തുകാരനാകാനാണ് മോഹം. ഒരു നോവല് എഴുതുകയും ചെയ്തു. രണ്ടാം നോവല് എഴുതിത്തുടങ്ങിയപ്പോഴാണ് നിങ്ങളുടെ ജീവിതമാകെ മാറിമറിഞ്ഞത്. അപ്പോള് നിങ്ങള് ജീവിതത്തില്നിന്ന് അവധിയെടുത്തു. നീണ്ട മുപ്പതുവര്ഷത്തെ അവധി. പിന്നെ നിങ്ങള് തിരിച്ചെത്തി പത്രസമ്മേളനം നടത്തി പ്രഖ്യാപിച്ചു; ''അടുത്ത മാസം പതിനാറാം തീയ്യതി ഞാന് മരിക്കും!!" അത് ആത്മഹത്യയാകില്ല. പിന്നെ എന്താകും? എം.മുകുന്ദന്റെ ഏറ്റവും പുതിയ നോവല് 'നിങ്ങള്' വായിക്കൂ. ഏറെ പരിചിതമെന്നുതോന്നുന്ന നിങ്ങളുടെ ജീവിതത്തിന്റെ അപരിചിതത്വങ്ങളെ അറിയൂ. |
| 650 ## - SUBJECT ADDED ENTRY--TOPICAL TERM | |
| Topical Term | MALAYALAM NOVEL |
| 942 ## - ADDED ENTRY ELEMENTS (KOHA) | |
| Koha item type | Books |
| Withdrawn status | Lost status | Collection code | Home library | Current library | Shelving location | Date acquired | Source of acquisition | Cost, normal purchase price | Full call number | Accession Number | Koha item type |
|---|---|---|---|---|---|---|---|---|---|---|---|
| Fiction | Main Library | Main Library | NEW SHELF WITH NEW ENTRY | 07/03/2024 | PURCHASED | 399.00 | 894.812.3 MUK/N | 13594 | Books |